| 000 | 00402nam a22001217a 4500 | ||
|---|---|---|---|
| 999 |
_c15318 _d15318 |
||
| 082 |
_a631.7 _bSHE/RE |
||
| 100 |
_aSHEEJA A. ANDEZHATHU _92967 |
||
| 245 | _aRelative efficiency evaluation of drip and conventional methods of irrigation in ashgourd and cucumber | ||
| 260 |
_aTavanur _bKelappaji College of Agricultural Engineering and Technology _c1989 |
||
| 300 | _a109 | ||
| 500 | _aThesis | ||
| 942 | _cTH | ||